Catálogo público

Guide for the use of the International System of Units (SI) / (Record no. 177824)

MARC details
000 -CABECERA
campo de control de longitud fija 01143nam a2200313Ia 4500
001 - NÚMERO DE CONTROL
campo de control dia_6344
003 - IDENTIFICADOR DEL NÚMERO DE CONTROL
campo de control CHAP
005 - FECHA Y HORA DE LA ÚLTIMA TRANSACCIÓN
campo de control 20240208135714.0
008 - DATOS DE LONGITUD FIJA--INFORMACIÓN GENERAL
campo de control de longitud fija 220117s1995 xx 000 0 und d
010 ## - NÚMERO DE CONTROL DE LA BIBLIOTECA DEL CONGRESO
Número de control de LC 177824
040 ## - FUENTE DE LA CATALOGACIÓN
Centro/agencia transcriptor CHAP
082 ## - NÚMERO DE LA CLASIFICACIÓN DECIMAL DEWEY
Número de clasificación 530.812 T39 1995
100 ## - ENTRADA PRINCIPAL--NOMBRE DE PERSONA
Nombre de persona Taylor, Barry N.
9 (RLIN) 162299
245 ## - MENCIÓN DE TÍTULO
Título Guide for the use of the International System of Units (SI) /
Mención de responsabilidad, etc. Barry N. Taylor
250 ## - MENCIÓN DE EDICIÓN
Mención de edición 1995 ed.
260 ## - PUBLICACIÓN, DISTRIBUCIÓN, ETC.
Lugar de publicación, distribución, etc. Estados Unidos de América :
Nombre del editor, distribuidor, etc. U.S. Dept. of Commerce. Technology Administration. National Institute of Standards and Technology,
Fecha de publicación, distribución, etc. 1995
300 ## - DESCRIPCIÓN FÍSICA
Extensión x, 74 p.
440 ## - MENCIÓN DE SERIE/PUNTO DE ACCESO ADICIONAL--TÍTULO
Título NIST special publication ; 811
9 (RLIN) 162300
500 ## - NOTA GENERAL
Nota general "Supersedes NIST special publication 811, September 1991."
504 ## - NOTA DE BIBLIOGRAFÍA, ETC.
Nota de bibliografía, etc. Bibliografía: p. 72-74
590 ## - NOTA LOCAL (RLIN)
Nota local QC91 T39 1995
650 ## - PUNTO DE ACCESO ADICIONAL DE MATERIA--TÉRMINO DE MATERIA
Término de materia o nombre geográfico como elemento de entrada Metric system
Subdivisión general Handbooks, manuals, etc.
9 (RLIN) 162301
650 ## - PUNTO DE ACCESO ADICIONAL DE MATERIA--TÉRMINO DE MATERIA
Término de materia o nombre geográfico como elemento de entrada Sistema métrico
Subdivisión general Manuales
9 (RLIN) 162302
710 ## - PUNTO DE ACCESO ADICIONAL--NOMBRE DE ENTIDAD CORPORATIVA
Nombre de entidad corporativa o nombre de jurisdicción como elemento de entrada National Institute of Standards and Technology (U.S.)
9 (RLIN) 162303
901 ## - ELEMENTOS DE DATOS A LOCAL LDA (RLIN)
a 530.812 T39 1995
902 ## - ELEMENTOS DE DATOS B LOCAL, LDB (RLIN)
a A
905 ## - ELEMENTOS DE DATOS E LOCAL, LDE (RLIN)
a 5232271995 -usn 8225223322eng16
942 ## - ELEMENTOS DE PUNTO DE ACCESO ADICIONAL (KOHA)
Tipo de ítem Koha Libro
Fuente del sistema de clasificación o colocación Dewey Decimal Classification
Holdings
Estado de retiro Estado de pérdida Fuente del sistema de clasificación o colocación Estado dañado No para préstamo Código de colección Localización permanente Ubicación/localización actual Fecha de adquisición Información codificada de la localización en otra ubicación Total de préstamos Signatura topográfica completa Código de barras Fecha visto por última vez Fecha del último préstamo Número de copia Precio válido a partir de Tipo de ítem Koha
    Dewey Decimal Classification     General Ingenieria Agroindustrial Ingenieria Agroindustrial 18/01/2022 1 1 530.812 T39 1995 dia_002484 20/09/2024 20/09/2024 3 18/01/2022 Libro
    Dewey Decimal Classification     General Ingenieria Agroindustrial Ingenieria Agroindustrial 18/01/2022 1   530.812 T39 1995 dia_002482 18/01/2022   1 18/01/2022 Libro
    Dewey Decimal Classification     General Ingenieria Agroindustrial Ingenieria Agroindustrial 18/01/2022 1   530.812 T39 1995 dia_002483 18/01/2022   2 18/01/2022 Libro